000
00208 a2200097 4500
001
45645
100
_a
Mccarry, C
245
_a
The secret lovers
260
_a
New York
_b
E.P Dutton
_c
090
_c
28819
_d
28819
942
_a
NUST-CAE
_c
M
_c
20912
999
_c
280718
_d
280718